<?xml version="1.0" encoding="UTF-8"?>
<record
    xmlns:xsi="http://www.w3.org/2001/XMLSchema-instance"
    xsi:schemaLocation="http://www.loc.gov/MARC21/slim http://www.loc.gov/standards/marcxml/schema/MARC21slim.xsd"
    xmlns="http://www.loc.gov/MARC21/slim">

  <leader>01401nam a22001337a 4500</leader>
  <datafield tag="999" ind1=" " ind2=" ">
    <subfield code="c">533135</subfield>
    <subfield code="d">533135</subfield>
  </datafield>
  <controlfield tag="008">260427b           ||||| |||| 00| 0 eng d</controlfield>
  <datafield tag="100" ind1=" " ind2=" ">
    <subfield code="a"> Vedula, Aparna C. and   Chavan, Priya M. </subfield>
    <subfield code="9">60247</subfield>
  </datafield>
  <datafield tag="245" ind1=" " ind2=" ">
    <subfield code="a">Unified urban development control: The Maharashtra poser</subfield>
  </datafield>
  <datafield tag="260" ind1=" " ind2=" ">
    <subfield code="a">Economic &amp; Political Weekly  </subfield>
  </datafield>
  <datafield tag="300" ind1=" " ind2=" ">
    <subfield code="a">61(6), Feb 7, 2026: p.85-88</subfield>
  </datafield>
  <datafield tag="520" ind1=" " ind2=" ">
    <subfield code="a">Since 1979, Maharashtra&#x2019;s urban development regulation has followed a distinctly expert-driven, technocratic trajectory, with development control regulations progressively standardised and unified to apply common development parameters promoting a radically higher intensity of spatial development across urban and rural geographies. This was institutionalised in 2020 through the Unified Development Control and Promotion Regulations, which centralise planning authority, undermine constitutionally mandated powers of local bodies, and impose a uniform paradigm of metropolitan built-form logics and high development intensities on small towns and rural settlements. Thereby, they marginalise need-based, incremental, and self-built forms of urbanisation and act as an instrument to compel the alignment of local development trajectories with global investment aspirations.-Reproduced 

https://www.epw.in/journal/review-urban-affairs/unified-urban-development-control.html
</subfield>
  </datafield>
  <datafield tag="773" ind1=" " ind2=" ">
    <subfield code="a">Economic &amp; Political Weekly  </subfield>
  </datafield>
  <datafield tag="942" ind1=" " ind2=" ">
    <subfield code="c">AR</subfield>
  </datafield>
  <datafield tag="952" ind1=" " ind2=" ">
    <subfield code="0">0</subfield>
    <subfield code="1">0</subfield>
    <subfield code="2">ddc</subfield>
    <subfield code="4">0</subfield>
    <subfield code="7">0</subfield>
    <subfield code="9">408307</subfield>
    <subfield code="a">IIPA</subfield>
    <subfield code="b">IIPA</subfield>
    <subfield code="d">2026-04-27</subfield>
    <subfield code="h">61(6), Feb 7, 2026: p.85-88</subfield>
    <subfield code="p">AR138646</subfield>
    <subfield code="r">2026-04-27</subfield>
    <subfield code="y">AR</subfield>
  </datafield>
</record>
